| 000 | 00425nam a22001577a 4500 | ||
|---|---|---|---|
| 005 | 20250414130003.0 | ||
| 008 | 250414b |||||||| |||| 00| 0 eng d | ||
| 020 | _a9788189937058 | ||
| 050 | _aGF41 SHE | ||
| 100 | _aShelviraj V. | ||
| 245 |
_aEnvironmental Management _cV. Shelviraj |
||
| 260 |
_aNew Delhi _bArise Publishers & Distributors _c2008 |
||
| 300 |
_av. 310p. _c20 cm |
||
| 650 | _2Geography | ||
| 942 |
_2lcc _cBK _n0 |
||
| 999 |
_c5461 _d5461 |
||